UBT Library

Pasqyrë e punës: (Record no. 512)

000 -LEADER
fixed length control field 00470nam a22001577a 4500
008 - FIXED-LENGTH DATA ELEMENTS--GENERAL INFORMATION
fixed length control field 141003b xxu||||| |||| 00| 0 alb d
020 ## - INTERNATIONAL STANDARD BOOK NUMBER
International Standard Book Number 9951450503
041 0# - LANGUAGE CODE
Language code of text/sound track or separate title alb
080 ## - UNIVERSAL DECIMAL CLASSIFICATION NUMBER
Universal Decimal Classification number 354.1
100 1# - Rafti
Rafti Azemi, Azem;
245 ## - TITLE STATEMENT
Title Pasqyrë e punës:
Statement of responsibility, etc [E përgatiti Azem Azemi].
260 ## -
-- Prishtinë:
-- Ministria e Arsimit, e Shkencës dhe e Teknologjisë,
-- 2004.
300 ## -
-- 112 f. :
-- me il me ngjyra ;
-- 22 cm.
650 ## -
-- Punë
942 ## - ADDED ENTRY ELEMENTS (KOHA)
Source of classification or shelving scheme
Item type Books
Holdings
Withdrawn status Lost status Source of classification or shelving scheme Damaged status Not for loan Collection code Permanent location Current location Shelving location Date acquired Total Checkouts Full call number Barcode Date last seen Koha item type
          Koleksioni i përgjithshem UBT - Prishtine UBT - Prishtine Koleksioni i përgjithshem 10/03/2014   354.1 (093) MIN 001-000582 10/03/2014 Books
UBT Library © 2015-2024. All rights reserved University Education for Business and Technology